000 00966nam a2200277 a 4500
001 000045574
003 DO-SdBPM
005 20250212092532.0
007 000045574
008 150415s20uu dr a 000 0 spa d
040 _aDO-SdBPM
_bspa
_cBPMSU
082 4 _a323.4
_bB699n
_222
092 _axxxx
_bxxxx
100 1 _aBonasso, Alejandro
245 1 4 _aLos niños, las niñas y sus derechos en familia /
_cAlejandro Bonasso ; ilustraciones Verónica Leite.
246 1 4 _a ¿Somos familia!
260 _aSanto Domingo :
_bInstituto Interamericano del Niño
_c [200-?]
300 _a23 p. :
_bil. ;
_c23 cm.
590 _aInventariado, 2025/VM
650 4 _aDerechos del niño
_zRepública Dominicana
_vProgramas.
650 4 _aTrabajo social con niños
_zRepública Dominicana
_vProgramas.
700 1 _aLeite, Verónica,
_eilustraciones
710 2 _3Instituto Latinoamericano del Niño
910 _aVMateo V. Control de calidad. BPMSU
942 _2ddc
_cBK
999 _c7873
_d7873